Score 0/24 Timer 06:00
0 Plays Today
% Correct
Spider-Man 2
95.6%
The Martian
91.5%
Rambo
85.4%
Black Swan
82.2%
Big
79.4%
The Revenant
77.4%
The Silence of the Lambs
74.4%
Hancock
73.7%
Cast Away
71.7%
Logan
68.5%
Her
63.6%
The Iron Lady
61.4%
% Correct
The Patriot
60.7%
The Imitation Game
60.3%
Knocked Up
57.8%
Almost Famous
56.1%
Moonlight
54.8%
A Knight's Tale
53.5%
The Last King of Scotland
53%
Me, Myself & Irene
51.6%
Salt
48.6%
The Grey
45.6%
Lion
34.4%
Cake
16.3%
Remove Ads.
Support Sporcle.
Get the best of Sporcle when you Go Orange. This ad-free experience offers more features, more stats, and more fun while also helping to support Sporcle. Thank you for becoming a member.

You're not logged in!

Compare scores with friends on all Sporcle quizzes.
OR
Log In

Show Comments

Extras

Top Quizzes Today


Score Distribution

Your Account Isn't Verified!

In order to create a playlist on Sporcle, you need to verify the email address you used during registration. Go to your Sporcle Settings to finish the process.

Report this User

Report this user for behavior that violates our Community Guidelines.

Details: